00793cam a22002293a 450000100060000000300060000600500170001200800410002904000150007004200070008505000070009210000460009924501430014526000290028850600300031751600200034765300480036770000420041574000350045783000290049285600420052112173PGUSA20140828083246.0040401s2004||||xxu|||||s|||||000 | eng d aPGUSAbeng adc 4aPQ1 aCalderón de la Barca, Pedro,d1600-168114aThe Two Lovers of Heaven :bChrysanthus and Daria : A Drama of Early Christian Romeh[electronic resource] /cPedro Calderón de la Barca bProject Gutenberg,c2004 aPublic domain in the USA. aElectronic text aChristian martyrs -- Italy -- Rome -- Drama1 aMacCarthy, Denis Florence,d1817-18820 aDos amantes del cielo. English 0aProject Gutenbergv1217340uhttp://www.gutenberg.org/ebooks/12173